000 00386nam a2200157Ia 4500
008 210210b1934 xxu||||| |||| 00| 0 eng d
041 _aeng
082 _a330/473
100 _aWHALE (Barrett)
245 _aInternational trade
260 _aLondon
_bButterworth & Co. Ltd.,
_c1934
650 _atrade
650 _aInternational
690 _aInternational Trade
906 _a003876
999 _c121467
_d121467